| 000 | 01581nam a2200421Ia 4500 | ||
|---|---|---|---|
| 001 | sjds1105223 | ||
| 003 | sjds | ||
| 005 | 20240511105439.0 | ||
| 008 | 970523t19921992maua j 000 0 spa d | ||
| 020 | _a0881066397 | ||
| 020 | _a9780881064193 | ||
| 035 | _a(OCoLC)36960404 | ||
| 040 |
_aLPU _cLPU _dIFA _dUtOrBLW |
||
| 041 | 1 |
_aspa _heng |
|
| 049 | _aIFAA | ||
| 099 | _f1992 | ||
| 100 | 1 |
_aPallotta, Jerry, _eauthor. |
|
| 240 | 1 | 0 |
_aIcky bug counting book. _lSpanish |
| 245 | 1 | 0 |
_aCuenta los insectos / _cpor Jerry Pallotta ; titulo por Neil Pallotta ; illustrado por Ralph Masiello. |
| 260 |
_aWatertown, MA : _bCharlesbridge, _cc1992 |
||
| 264 | 1 |
_aWatertown, MA : _bCharlesbridge, _c[1992] |
|
| 264 | 4 | _cc1992 | |
| 300 |
_a32 unnumbered pages : _bcolor illustrations ; _c21 x 26 cm |
||
| 336 |
_atext _btxt _2rdacontent |
||
| 337 |
_aunmediated _bn _2rdamedia |
||
| 338 |
_avolume _bnc _2rdacarrier |
||
| 520 | _aIntroduces the characteristics and activities of insects and other crawly creatures from zero bugs on the page to twenty-six army ants. | ||
| 520 | _aIntroduce las caracterÃsticas y actividades de los insectos y otras criaturas pequeñas. | ||
| 526 | 0 |
_aAccelerated Reader _bLG _c4.1 _d0.5 _z46159SP |
|
| 650 | 0 |
_aInsects _vJuvenile literature. |
|
| 650 | 0 |
_aCounting _vJuvenile literature. |
|
| 650 | 7 |
_aInsectos _vLiteratura juvenil. _2bidex |
|
| 650 | 7 |
_aContar (Enumerar) _vLiteratura juvenil. _2bidex |
|
| 700 | 1 | _aPallotta, Neil. | |
| 700 | 1 |
_aMasiello, Ralph, _eillustrator. |
|
| 942 | _cBK | ||
| 999 |
_c29732 _d29730 |
||
| 999 | _bESPANOL CONCEPT BOOKS PALLOTTA 1992 | ||